000
00278nam a2200109Ia 4500
008
200302s9999 xx 000 0 und d
100
_a
Lilian Chee
245
_a
Nus Design Architecture Landscape Urban Design
260
_b
Department of Archi
260
_c
2013
300
_a
283 P.,
999
_c
5853
_d
5853